[Event "Hamburg HSK Christmas op 1st"]
[Site "Hamburg"]
[Date "2015.12.27"]
[Round "2"]
[White "Woelk, Tom Frederic"]
[Black "Behrend, Roger"]
[Result "1-0"]
[WhiteElo "1735"]
[BlackElo "1457"]
[PlyCount "55"]
[EventDate "2015.12.27"]
[EventType "swiss"]
[EventRounds "7"]
[EventCountry "GER"]
[SourceTitle "EXT 2022"]
[Source "ChessBase"]
[SourceDate "2021.10.06"]
[SourceVersion "1"]
[SourceVersionDate "2021.10.06"]
[SourceQuality "1"]

1. e4 Nf6 2. e5 Nd5 3. d4 d6 4. c4 Nb6 5. exd6 cxd6 6. Nc3 g6 7. Be3 Bg7 8. Nf3 Bg4 9. h3 Bxf3 10. Qxf3 Qc7 11. Nb5 Qd7 12. c5 dxc5 13. dxc5 a6 14. Rd1 Qc8 15. Na7 Rxa7 16. cxb6 Ra8 17. Rc1 Nc6 18. Bc4 e6 19. b3 0-0 20. 0-0 Rd8 21. Bf4 Nd4 22. Qe4 Qc6 23. Qxc6 Nxc6 24. Bc7 Rd4 25. Rfd1 e5 26. Bd5 Rxd1+ 27. Rxd1 Nd8 28. Bxd8 1-0

[Event "Hamburg Robinow op"]
[Site "Hamburg"]
[Date "2005.10.03"]
[Round "3"]
[White "Behrend, Roger"]
[Black "Bock, Oliver"]
[Result "0-1"]
[WhiteElo "1418"]
[BlackElo "1745"]
[PlyCount "96"]
[EventDate "2005.10.01"]
[EventType "swiss"]
[EventRounds "9"]
[EventCountry "GER"]
[SourceTitle "CBM 108 Extra"]
[Source "ChessBase"]
[SourceDate "2005.11.04"]
[SourceVersion "1"]
[SourceVersionDate "2005.11.04"]
[SourceQuality "1"]

1. Nf3 Nf6 2. c3 d5 3. d4 e6 4. g3 c5 5. Bg5 h6 6. Bxf6 Qxf6 7. Bg2 Nc6 8. e3 b6 9. 0-0 Bb7 10. dxc5 Bxc5 11. Nd4 0-0 12. Qf3 Qxf3 13. Bxf3 Ne5 14. Be2 Rfd8 15. Nd2 Nc6 16. Nxc6 Bxc6 17. Nb3 Be7 18. Bf3 e5 19. Bg2 Rac8 20. Rac1 Ba8 21. Rfe1 a5 22. Nd2 Bf6 23. Nf3 Rc7 24. Rcd1 Rcd7 25. b3 b5 26. c4 e4 27. Nd4 bxc4 28. Bh3 Rc7 29. bxc4 Rxc4 30. Bf1 Ra4 31. Re2 Bxd4 32. Rxd4 Rxd4 33. exd4 Rb8 34. Rd2 Bc6 35. Be2 Rb1+ 36. Kg2 Bb5 37. Bxb5 Rxb5 38. Kh3 a4 39. Rc2 Rb4 40. Rc8+ Kh7 41. Rc7 f6 42. Kg4 Rxd4 43. Rd7 Rd2 44. Kf5 Rxf2+ 45. Ke6 Rxa2 46. Kf7 Rb2 47. Kf8 Rb8+ 48. Kf7 a3 0-1